| 000 | 00753nmc a2200301 a 4500 | ||
|---|---|---|---|
| 003 | AR-BaBNM | ||
| 005 | 20251128205140.0 | ||
| 008 | 166119s1995 ||||||||||||||000 | spa|| | ||
| 020 | _a950-701-268-0 | ||
| 040 | _cAR-BaBNM | ||
| 100 | 1 | _aFortunato, Lucía | |
| 245 | 1 | 0 |
_aJoven desocupado/a _bbusca empleo |
| 250 | _a1ª ed. | ||
| 260 |
_aBuenos Aires _bAique _c1995 |
||
| 300 | 0 |
_a64 p. _bil., tablas |
|
| 490 | 0 | _aOrganizadores Aique | |
| 504 | _aBibliografía p. 64 | ||
| 650 | 4 | _aTRABAJO | |
| 650 | 4 | _aEMPLEO | |
| 650 | 4 | _aCURRICULUM VITAE | |
| 650 | 4 | _aENTREVISTAS | |
| 650 | 4 | _aCONTRATACION | |
| 650 | 4 | _aSELECCION DEL PERSONAL | |
| 650 | 4 | _aRELACIONES LABORALES | |
| 700 | 1 | _aPasut, Marta | |
| 942 | _cBK | ||
| 998 | _cCarmen | ||
| 999 |
_c10188 _d10188 |
||